000 00315nam a2200133Ia 4500
005 20260328101516.0
008 260328s9999||||xx |||||||||||||| ||und||
100 _aLefebvre, Henri
245 0 _aLe droit a la ville /
_cHenri Lefebvre
260 _bAnthropos
300 _a164 p.
650 _aURBANISMO
942 _cBK
999 _c9394
_d9394